000
00330nam a2200121Ia 4500
008
190802s9999 xx 000 0 und d
020
_a
978-81-203-5292-6
100
_a
John V.Guttag
245
0
_a
Introduction to Computation and Programming Using Python
260
_a
New Delhi
_b
Springer
_c
2017
300
_a
447:P
942
_c
BK
999
_c
2341
_d
2341